| 000 | 00397nam a22001577a 4500 | ||
|---|---|---|---|
| 003 | OSt | ||
| 005 | 20251021065339.0 | ||
| 008 | 251021b |||||||| |||| 00| 0 eng d | ||
| 020 | _a9966229493 | ||
| 040 | _cPRINT POINT LTD | ||
| 050 | _aPL 8704 .H33 2013 | ||
| 245 |
_aLULU YA MAISHA _cHABWE, JOHN |
||
| 250 | _a1ST EDITION | ||
| 260 |
_aNAIROBI, KENYA _bPRINT POINT LTD _c2013 |
||
| 942 |
_2lcc _cBK _n0 |
||
| 999 |
_c9636 _d9636 |
||